Joint Committee on the Companies (Second Amendment) Bill, 1964: evidence (Record no. 489837)

000 -LEADER
fixed length control field 00573cam a22001457a 4500
008 - FIXED-LENGTH DATA ELEMENTS--GENERAL INFORMATION
fixed length control field 180718b1965 xxu||||| |||| 00| 0 eng d
082 ## - DEWEY DECIMAL CLASSIFICATION NUMBER
Classification number T3103x54 In2b/1964evi
100 ## - MAIN ENTRY--PERSONAL NAME
Personal name India. Joint Committee on the Companies (Second Amendment) Bill, 1964
245 ## - TITLE STATEMENT
Title Joint Committee on the Companies (Second Amendment) Bill, 1964: evidence
Statement of responsibility, etc. by Lok Sabha Secretariat
260 ## - PUBLICATION, DISTRIBUTION, ETC.
Place of publication, distribution, etc. New Delhi
Name of publisher, distributor, etc. Lok Sabha Secretariat
Date of publication, distribution, etc. 1965
300 ## - PHYSICAL DESCRIPTION
Extent 153+p.
500 ## - GENERAL NOTE
General note Chairman: S.V. Krishnamoorthy Rao
700 ## - ADDED ENTRY--PERSONAL NAME
Personal name India. Lok Sabha Secratariat
700 ## - ADDED ENTRY--PERSONAL NAME
Personal name Rao, S.V. Krishnamoorthy (Chairman)
Holdings
Withdrawn status Lost status Damaged status Not for loan Permanent Location Current Location Date acquired Full call number Barcode Date last seen Price effective from Koha item type
        Indian Institute of Public Administration Indian Institute of Public Administration 2018-08-04 T3103x54 In2b/1964evi GG18083 2018-08-04 2018-08-04 GG

Powered by Koha